Black Ops 3 Perks - Statistics

General Stats
  • This quiz has been taken 78 times
  • The average score is 10 of 18
Answer Stats
Answer % Correct
Scavenger
83%
Ghost
74%
Afterburner
71%
Dead Silence
64%
Fast Hands
60%
Flak Jacket
60%
Tracker
59%
Engineer
57%
Cold Blooded
53%
Sixth Sense
53%
Tactical Mask
53%
Gung Ho
52%
Hard Wired
52%
Overclock
52%
Awareness
50%
Ante Up
47%
Blast Suppressor
41%
Blind Eye
38%
No matching quizzes found
Score Distribution
Percent of People with Each Score
Percentile by Number Answered
Your Score History
You have not taken this quiz